000 00747nam a2200265Ia 4500
005 20260302114856.0
008 008 260114s9999 xx 000 0 eng d
020 _a9781501359804
037 _aTextbook
040 _aCRL
040 _beng
040 _cCRL
041 _2eng
041 _aeng
084 _qCRL
100 _aRicardo Miguel-Alfonso
_91120030
245 4 _aThe Fictional Minds of Modernism Narrative Cognition from Henry James to Christopher Isherwood
260 _bBloomsbury
260 _bBloomsbury Academic
260 _c2020
650 _aLiterary Studies
856 _uhttps://dx.doi.org/10.5040/9781501359804?locatt=label:secondary_bloomsburyCollections
942 _cEBOOK
999 _c1684147
_d1684147